000 00831nam a2200253Ia 4500
003 OSt
005 20220916110902.0
006 a|||||r|||| 00| 0
007 ta
008 220915b |||||||| |||| 00| 0 hin d
024 _a267742
037 _cTextbook
040 _bhin
_aARTS
_cARTS
041 _ahin
082 _aO152,2:g, K4
100 _aचतुर्वेदी, सीताराम
245 0 _aअभिनव - नाटयशास्त्र
246 _aAbhinav - nāṭayashāstra
260 _aइलाहाबाद
_bकिताब महल भारत
_c1964
300 _a661पण्
_ccm.
650 _aहिन्दी साहित्य
942 _hO152,2:g, K4
_cTB
_2CC
999 _c100354
_d100354